000 00248nam a2200097Ia 4500
005 20251222114353.0
008 251222s1900||||xx |||||||||||||| ||spa||
082 _aDVD0090/J73C/2002
245 0 _aGenios de la pintura italiana: Caravaggio:
942 _cDVD
999 _c1341
_d1341